| 000 | 00445nam a2200157 a 4500 | ||
|---|---|---|---|
| 001 | 000021085 | ||
| 005 | 20200930011230.0 | ||
| 008 | 100830s1977 sp r 000 u spa d | ||
| 040 |
_aDO-SdBNP _bspa _cBNPHU |
||
| 082 |
_axxx _bS187a |
||
| 100 | 1 |
_aSambrano Urdaneta, Oscar _d1929- _944097 |
|
| 245 | 1 | 3 |
_aEl evolucionismo / _cOscar Sambrano Urdaneta. |
| 260 |
_aCaracas : _bCasa del Escritor, _c1977. |
||
| 300 |
_a46 p. ; _c17 cm. |
||
| 049 | _aBNGR | ||
| 999 |
_c20587 _d20587 |
||